Black, White, Green or Brown Quiz Stats

 Plays Quiz Updated Mar 5, 2019

Score 0/15 Timer 05:00
9 Plays Today
Question Answer Wrong Answers
Entertainment: The color of the Goblin who is the archenemy of Spider-Man Green
93.9%
Black
3.2%
Brown
2.2%
White
0.5%
Gaming: The color of spades and clubs in a standard deck of playing cards Black
83.9%
Brown
0.4%
Green
0.7%
White
0.3%
Holiday: The color associated with St. Patrick's Day Green
80.4%
Black
0.3%
Brown
0.5%
White
0.3%
Television: Netflix show Orange Is the New ____ Black
80%
Brown
3%
Green
0.3%
White
0.3%
Science: The color in the name of a region of space having a gravitational field so intense that no matter or radiation can escape Black
75.7%
Brown
1.5%
Green
1.5%
White
2.8%
Miscellaneous: The name of an Ivy League University Brown
71.8%
Black
1.3%
Green
7.6%
White
2.2%
Literature: The author of Charlotte's Web and Stuart Little White
69.4%
Black
2.9%
Brown
9.9%
Green
2.5%
Sports: The one associated with the nickname of an NFL team Brown
59.3%
Black
5.1%
Green
12.7%
White
3.5%
History: The surname of a Prime Minister of the U.K. Brown
57%
Black
7.6%
Green
5.8%
White
10.5%
Music: The color in the name of the band that sang 'Seven Nation Army' White
54.4%
Black
9.2%
Brown
8.5%
Green
11.7%
Geography: The color in the name of a mountain range in the U.S. state of Vermont Green
51.3%
Black
7.3%
Brown
9.3%
White
13.3%
Just For Fun: The color not found in the original 8 color Crayola Crayon box White
50.7%
Black
6.2%
Brown
22.6%
Green
1.6%
Language: Svartur in Icelandic, Preto in Portuguese or Schwarz in German Black
46.4%
Brown
10.2%
Green
11.1%
White
12.7%
Movies: The first color to appear in the title of a winner of an Academy Award for Best Picture Green
38.6%
Black
21.9%
Brown
6.4%
White
15.2%
Religion: The one that is a Chakra color Green
27.6%
Black
6.9%
Brown
26%
White
19.8%

You're not logged in!

Compare scores with friends on all Sporcle quizzes.
OR
Log In

Sporcle TV

Today on Sporcle TV


Watch our educational content, quiz creation guides, and fun videos on Sporcle TV.

Show Comments

Extras

Top Quizzes Today


Score Distribution

Your Account Isn't Verified!

In order to create a playlist on Sporcle, you need to verify the email address you used during registration. Go to your Sporcle Settings to finish the process.

Report this User

Report this user for behavior that violates our Community Guidelines.

Details: